000 00495nam a2200181Ia 4500
001 18818
005 20260306171658.0
008 260306s9999||||xx |||||||||||||| ||und||
041 _aESP
082 _a658.5
_bM86G
100 _aMora García, Luis Aníbal
_eAUT
245 0 _aGestión logística integral:
_blas mejores prácticas en la cadena de abastecimiento
260 _c2017
300 _axxiv, 354 páginas :
_c24 cm.
650 _aGEN
654 _aCAN
942 _cLIB
_dJUS
_fJUS
_2ddc
_n
999 _c18818
_d18818